Mirage (Lp Vpas 898) (Record n. 102774)
[ formato base ]
| 000 -LEADER | |
|---|---|
| fixed length control field | 02883njm a2200445Ia 4500 |
| 001 - CONTROL NUMBER | |
| control field | 23946 |
| 003 - CONTROL NUMBER IDENTIFIER | |
| control field | IT-RoPAU |
| 005 - DATE AND TIME OF LATEST TRANSACTION | |
| control field | 20220918181158.0 |
| 008 - FIXED-LENGTH DATA ELEMENTS--GENERAL INFORMATION | |
| fixed length control field | 131025s9999 xx 000 0 und d |
| 040 ## - CATALOGING SOURCE | |
| Original cataloging agency | IT-RoPAU |
| 040 ## - CATALOGING SOURCE | |
| Transcribing agency | IT-RoPAU |
| 999 ## - SYSTEM CONTROL NUMBERS (KOHA) | |
| Koha Dewey Subclass [OBSOLETE] | n.d. |
| 100 ## - MAIN ENTRY--PERSONAL NAME | |
| Personal name | AA.VV. |
| 9 (RLIN) | 794 |
| 100 ## - MAIN ENTRY--PERSONAL NAME | |
| Relator term | Autore musica |
| 9 (RLIN) | 7767 |
| 100 ## - MAIN ENTRY--PERSONAL NAME | |
| Miscellaneous information | Codice autore musica SPICS: 12000 |
| 9 (RLIN) | 796 |
| 245 ## - TITLE STATEMENT | |
| Title | Mirage (Lp Vpas 898) |
| 250 ## - EDITION STATEMENT | |
| Edition statement | 1a ed. |
| 260 ## - PUBLICATION, DISTRIBUTION, ETC. (IMPRINT) | |
| Place of publication, distribution, etc. | MILANO |
| 260 ## - PUBLICATION, DISTRIBUTION, ETC. (IMPRINT) | |
| Name of publisher, distributor, etc. | VEDETTE RECORDS |
| Date of publication, distribution, etc. | 1971 [1a Ed.:1971 - Ed. Lingua Orig.: 1971] |
| 300 ## - PHYSICAL DESCRIPTION | |
| Extent | DISCO |
| 300 ## - PHYSICAL DESCRIPTION | |
| Dimensions | 35 minuti (Testo: pag.) |
| 500 ## - GENERAL NOTE | |
| General note | Colonna sonora. Musica da film |
| 505 ## - FORMATTED CONTENTS NOTE | |
| Formatted contents note | Theme From Love Story (4:00) - Africa addio Theme From the Film (3:00) - Djamballà [(dal dilm Il dio serpente) (4:00)] - Love Is a Many-Splendored Thing [(dal film L'amore è una cosa meravigliosa) (3:00)] - Here's To You [(dal film Sacco e Vanzetti) (3:00)] - I Love You, Phil [(dal film Love Story) (3:00)] - Indian Love Call [(Canto d'amore indiano) (dal film Rosemarie) (3:00)] - Soldier Blue [(dal film Soldato Blu Soldato blu) (4:00)] - Tomorrow's Another Day (3:00) - Voyou la canaglia (3:00) - Snow Frolic [(dal film Love Story) (3:00)] - Morte a Venezia [(Adagietto dalla 5a sinfonia di Mahler) (dal film omonimo) (4:00)] |
| 511 ## - PARTICIPANT OR PERFORMER NOTE | |
| Participant or performer note | Orchestre Peter Hamilton & Dorsey Dodd |
| 650 ## - SUBJECT ADDED ENTRY--TOPICAL TERM | |
| Topical term or geographic name as entry element | COLONNA SONORA [DISCHI] |
| Relator term | Codice MATERIA SPICS: 9950 |
| 9 (RLIN) | 7768 |
| 700 ## - ADDED ENTRY--PERSONAL NAME | |
| Personal name | Dodd Dorsey |
| Dates associated with a name | Codice interprete SPICS: 8019 |
| Relator term | Interprete |
| 9 (RLIN) | 7769 |
| 700 ## - ADDED ENTRY--PERSONAL NAME | |
| Personal name | Lai Francis |
| Dates associated with a name | Codice autore musica SPICS: 10971 |
| Relator term | Autore musica |
| Name of part/section of a work | Theme From Love Story - I Love You, Phil - Voyou la canaglia - Snow Frolic |
| 9 (RLIN) | 7770 |
| 700 ## - ADDED ENTRY--PERSONAL NAME | |
| Personal name | Ortolani Riz |
| Dates associated with a name | Codice autore musica SPICS: 11049 |
| Relator term | Autore musica |
| Name of part/section of a work | Africa addio |
| 9 (RLIN) | 7771 |
| 700 ## - ADDED ENTRY--PERSONAL NAME | |
| Personal name | Martelli Augusto |
| Dates associated with a name | Codice autore musica SPICS: 11006 |
| Relator term | Autore musica |
| Name of part/section of a work | Djamballà |
| 9 (RLIN) | 7772 |
| 700 ## - ADDED ENTRY--PERSONAL NAME | |
| Personal name | Devilli (Curci Alberto) |
| Dates associated with a name | Codice autore musica SPICS: 13392 |
| Relator term | Autore musica |
| Name of part/section of a work | Love Is a Many-Splendored Thing |
| 9 (RLIN) | 7773 |
| 700 ## - ADDED ENTRY--PERSONAL NAME | |
| Personal name | Fain Sammy |
| Dates associated with a name | Codice autore SPICS: 14147 |
| Relator term | Autore |
| Name of part/section of a work | Love Is a Many-Splendored Thing |
| 9 (RLIN) | 7774 |
| 700 ## - ADDED ENTRY--PERSONAL NAME | |
| Personal name | Webster Benjamin Francis (Ben) |
| Dates associated with a name | Codice autore testo/musica SPICS: 14419 |
| Relator term | Autore testo/musica |
| Name of part/section of a work | Love Is a Many-Splendored Thing |
| 9 (RLIN) | 7775 |
| 700 ## - ADDED ENTRY--PERSONAL NAME | |
| Personal name | Morricone Ennio |
| Dates associated with a name | Codice autore musica SPICS: 3535 |
| Relator term | Autore musica |
| Name of part/section of a work | Here's To You |
| 9 (RLIN) | 7776 |
| 700 ## - ADDED ENTRY--PERSONAL NAME | |
| Personal name | Baez Joan |
| Dates associated with a name | Codice autore SPICS: 9679 |
| Relator term | Autore |
| Name of part/section of a work | Here's To You |
| 9 (RLIN) | 7777 |
| 700 ## - ADDED ENTRY--PERSONAL NAME | |
| Personal name | Friml Rudolf |
| Dates associated with a name | Codice autore musica SPICS: 14252 |
| Relator term | Autore musica |
| Name of part/section of a work | Indian Love Call |
| 9 (RLIN) | 7778 |
| 700 ## - ADDED ENTRY--PERSONAL NAME | |
| Personal name | Sante-Marie Buffy |
| Dates associated with a name | Codice autore musica SPICS: 14253 |
| Relator term | Autore musica |
| Name of part/section of a work | Soldier Blue |
| 9 (RLIN) | 7779 |
| 700 ## - ADDED ENTRY--PERSONAL NAME | |
| Personal name | Tical H. |
| Dates associated with a name | Codice autore musica SPICS: 13941 |
| Relator term | Autore musica |
| Name of part/section of a work | Tomorrow's Another Day |
| 9 (RLIN) | 7780 |
| 700 ## - ADDED ENTRY--PERSONAL NAME | |
| Personal name | Mahler Gustav |
| Dates associated with a name | Codice autore musica SPICS: 4334 |
| Relator term | Autore musica |
| Name of part/section of a work | Morte a Venezia (Adagietto dalla 5a sinfonia) |
| 9 (RLIN) | 7781 |
| 942 ## - ADDED ENTRY ELEMENTS (KOHA) | |
| Koha item type | DISCHI |
| Source of classification or shelving scheme | Dewey Decimal Classification |
| Withdrawn status | Lost status | Damaged status | Not for loan | Home library | Current library | Date acquired | Total Checkouts | Full call number | Date last seen | Price effective from | Koha item type | Public note |
|---|---|---|---|---|---|---|---|---|---|---|---|---|
| Buone Condizioni | Not For Loan | SPICS-MEDIATECA | SPICS-MEDIATECA | 25/10/2013 | 23946 | 25/10/2013 | 25/10/2013 | DISCHI | Progr. Ins.: 4793 / N.Vol.: 1 / Copie: 1 - Copia rara: n.d. / date import: 01.01.2014 - By Epidotti, Trombetti, Vaglietti |